| 000 | 00940nam a22003137a 4500 | ||
|---|---|---|---|
| 003 | CHAP | ||
| 005 | 20220329143558.0 | ||
| 008 | 100627s2002 us a r 00010 eng d | ||
| 010 | _a98788 | ||
| 011 | _a99760 | ||
| 020 | _a0471360937 | ||
| 035 | _a110446 | ||
| 040 | _cCHAP | ||
| 082 | 1 | 4 |
_a519.535 _bAg82 2002 |
| 100 | 0 | 0 |
_aAgresti, Alan. _91160 |
| 245 | 1 | 0 |
_aCategorical data analysis _c/por Alan Agresti |
| 250 | _a2 ed. | ||
| 260 |
_aNew Yersey, US. : _bA John Wiley & Sons, _c2002 |
||
| 300 |
_a710 p. : _bilus. |
||
| 590 |
_aBATCH-UPD _b10 _c20130110 _lUCH01 _h1739 |
||
| 590 |
_aBATCH-UPD _b10 _c20130410 _lUCH01 _h1119 |
||
| 590 |
_aBATCH-UPD _b10 _c20130914 _lUCH01 _h0350 |
||
| 590 |
_aCONVERSION _b10 _c20130109 _lUCH01 _h1355 |
||
| 650 | 1 | 4 |
_aAnĂ¡lisis multivariado. _95990 |
| 901 | _aBK | ||
| 911 | _aen proceso | ||
| 942 | _cLIBRO | ||
| 949 |
_a519.535 Ag82 _bBC _cLIBRO _d33724002200405 _eLIBRO _f2002 _gI.c/e _h112920 _i110446 _so |
||
| 999 |
_c98788 _d98788 |
||